Images Les peintres de la 1ère exposition impressionniste - Statistiques

Statistiques générales
  • Ce quiz a été pris 46 fois
  • Le résultat moyen est 7 sur 30
Statistiques - réponses
Par images Hint Réponse % Correct
M Claude {Monet}
95%
R Auguste {Renoir}
92%
C Paul {Cézanne}
84%
D Edgar {Degas}
76%
P Camille {Pissarro}
73%
M Berthe {Morisot}
70%
S Alfred {Sisley}
62%
B Eugène {Boudin}
32%
B Edouard {Béliard}
19%
M Alfred {Meyer}
5%
R Henri {Rouart}
5%
L Ludovic-Napoléon {Lepic}
5%
C Adolphe-Félix {Cals}
3%
A Antoine Ferdinand {Attendu}
3%
G Armand {Guillaumin}
3%
M Auguste de {Molins}
3%
O Auguste {Ottin}
3%
B Edouard {Brandon}
3%
M Emilien {Mulot-Durivage}
3%
B Félix {Bracquemond}
3%
D Giuseppe {De Nittis}
3%
C Gustave-Henri {Colin}
3%
O Léon-Augustin {Ottin}
3%
R Léon-Paul-Joseph {Robert}
3%
L Léopold {Levert}
3%
D Louis {Debras}
3%
L Louis {Latouche}
3%
B Pierre-Isidore {Bureau}
3%
L Stanislas {Lépine}
3%
A Zacharie {Astruc}
3%
Aucun quiz correspondant
Distribution des résultats
% des personnes avec chaque résultat
Percentile par nombre de réponses
Votre historique - résultats
Vous n’avez pas pris ce quiz